| 000 | 00692 a2200205 4500 | ||
|---|---|---|---|
| 999 |
_c7102 _d7102 |
||
| 020 | _a9781848134522 | ||
| 050 | 0 | 0 | _aHD 6860.5 LIN 2010 |
| 100 |
_aLindell, Ilda _eeditor |
||
| 245 | 0 | 0 |
_aAfrica's informal workers : _bcollective agency, alliances and transnational organizing in urban Africa / _cIlda Lindell |
| 264 |
_aLondon : _bZed Books, _c2010 |
||
| 300 | _a238 p. ; | ||
| 500 | _aIncludes bibliographical references and index | ||
| 504 | _aIncludes bibliographical references and index | ||
| 650 | 0 | _aLabor unions | |
| 650 | 0 | _aLabor | |
| 650 | 0 | _aInformal sector (Economics) | |
| 651 | 0 | _aAfrica, Sub-Saharan | |
| 651 | 0 | _aAfrica, Sub-Saharan | |
| 942 |
_2lcc _cBK _h6860.5 _iLIN _kHD |
||